| 000 | 00672nam a2200277Ia 4500 | ||
|---|---|---|---|
| 005 | 20260324143026.0 | ||
| 008 | 008 260324s9999 xx 000 0 eng d | ||
| 020 | _a9781003324980 | ||
| 037 | _aEBOOK | ||
| 040 | _aCRL | ||
| 040 | _beng | ||
| 040 | _cCRL | ||
| 041 | _2eng | ||
| 041 | _aeng | ||
| 084 | _qCRL | ||
| 100 |
_aRoy Porter; Marie Mulvey Roberts _91214114 |
||
| 245 | 0 | _aLiterature & Medicine During the Eighteenth Century | |
| 260 | _bTaylor and Francis | ||
| 260 | _c1993 | ||
| 365 | _a | ||
| 365 | _b180 | ||
| 856 | _uhttp://www.taylorfrancis.com/books/9781003324980 | ||
| 942 | _cEBOOK | ||
| 999 |
_c1819008 _d1819008 |
||